000 00844cam a22002773a 4500
001 8462
003 PGUSA
005 20140828083157.0
008 050701s2005||||xxu|||||s|||||000 1 eng d
040 _aPGUSA
_beng
042 _adc
050 4 _aPS
100 1 _aDixon, Thomas,
_d1864-1946
245 1 4 _aThe Man in Gray :
_bA Romance of North and South
_h[electronic resource] /
_cThomas Dixon
260 _bProject Gutenberg,
_c2005
506 _aPublic domain in the USA.
516 _aElectronic text
653 _aGenerals -- Fiction
653 _aLee, Robert E. (Robert Edward), 1807-1870 -- Fiction
653 _aBiographical fiction
653 _aAbolitionists -- Fiction
653 _aBrown, John, 1800-1859 -- Fiction
830 0 _aProject Gutenberg
_v8462
856 4 0 _uhttp://www.gutenberg.org/ebooks/8462
942 _cEB
999 _c237762
_d237762